<?xml version="1.0" encoding="UTF-8"?>
<record
    xmlns:xsi="http://www.w3.org/2001/XMLSchema-instance"
    xsi:schemaLocation="http://www.loc.gov/MARC21/slim http://www.loc.gov/standards/marcxml/schema/MARC21slim.xsd"
    xmlns="http://www.loc.gov/MARC21/slim">

  <leader>00331nam a22001457a 4500</leader>
  <controlfield tag="003">SGT</controlfield>
  <datafield tag="020" ind1=" " ind2=" ">
    <subfield code="a">8190379747</subfield>
  </datafield>
  <datafield tag="082" ind1=" " ind2=" ">
    <subfield code="b">GOS</subfield>
  </datafield>
  <datafield tag="100" ind1=" " ind2=" ">
    <subfield code="a">GOSWAMI,N.N</subfield>
  </datafield>
  <datafield tag="245" ind1=" " ind2=" ">
    <subfield code="a">FUNDAMENTAL OF SOIL SCIENCE</subfield>
  </datafield>
  <datafield tag="260" ind1=" " ind2=" ">
    <subfield code="a">NEW DELHI</subfield>
    <subfield code="b">Indian Society of Social Science</subfield>
    <subfield code="c">2012</subfield>
  </datafield>
  <datafield tag="300" ind1=" " ind2=" ">
    <subfield code="a">728</subfield>
  </datafield>
  <datafield tag="650" ind1=" " ind2=" ">
    <subfield code="a">AGRICULTURE</subfield>
  </datafield>
  <datafield tag="942" ind1=" " ind2=" ">
    <subfield code="2">ddc</subfield>
    <subfield code="c">BK</subfield>
    <subfield code="0">7</subfield>
  </datafield>
  <datafield tag="952" ind1=" " ind2=" ">
    <subfield code="0">0</subfield>
    <subfield code="1">0</subfield>
    <subfield code="2">ddc</subfield>
    <subfield code="4">0</subfield>
    <subfield code="7">0</subfield>
    <subfield code="a">SSSL</subfield>
    <subfield code="b">SSSL</subfield>
    <subfield code="c">TXT</subfield>
    <subfield code="d">2017-11-11</subfield>
    <subfield code="e">AHUJA BOOK PUBLISHER</subfield>
    <subfield code="g">1200.00</subfield>
    <subfield code="i">SGTU</subfield>
    <subfield code="l">8</subfield>
    <subfield code="o">GOS</subfield>
    <subfield code="p">AG706</subfield>
    <subfield code="r">2022-08-10 00:00:00</subfield>
    <subfield code="s">2022-08-10</subfield>
    <subfield code="w">2017-10-28</subfield>
    <subfield code="y">BK</subfield>
    <subfield code="k">8931</subfield>
  </datafield>
  <datafield tag="952" ind1=" " ind2=" ">
    <subfield code="0">0</subfield>
    <subfield code="1">0</subfield>
    <subfield code="2">ddc</subfield>
    <subfield code="4">0</subfield>
    <subfield code="7">0</subfield>
    <subfield code="a">SSSL</subfield>
    <subfield code="b">SSSL</subfield>
    <subfield code="c">TXT</subfield>
    <subfield code="d">2017-11-11</subfield>
    <subfield code="e">AHUJA BOOK PUBLISHER</subfield>
    <subfield code="g">1200.00</subfield>
    <subfield code="i">SGTU</subfield>
    <subfield code="l">6</subfield>
    <subfield code="o">GOS</subfield>
    <subfield code="p">AG707</subfield>
    <subfield code="r">2023-10-07 00:00:00</subfield>
    <subfield code="s">2023-09-07</subfield>
    <subfield code="w">2017-10-28</subfield>
    <subfield code="y">BK</subfield>
    <subfield code="k">8931</subfield>
  </datafield>
  <datafield tag="952" ind1=" " ind2=" ">
    <subfield code="0">0</subfield>
    <subfield code="1">0</subfield>
    <subfield code="2">ddc</subfield>
    <subfield code="4">0</subfield>
    <subfield code="7">0</subfield>
    <subfield code="a">SSSL</subfield>
    <subfield code="b">SSSL</subfield>
    <subfield code="c">TXT</subfield>
    <subfield code="d">2017-11-11</subfield>
    <subfield code="e">AHUJA BOOK PUBLISHER</subfield>
    <subfield code="g">1200.00</subfield>
    <subfield code="i">SGTU</subfield>
    <subfield code="l">5</subfield>
    <subfield code="o">GOS</subfield>
    <subfield code="p">AG708</subfield>
    <subfield code="r">2025-03-29 00:00:00</subfield>
    <subfield code="s">2024-08-29</subfield>
    <subfield code="w">2017-10-28</subfield>
    <subfield code="y">BK</subfield>
    <subfield code="k">8931</subfield>
  </datafield>
  <datafield tag="952" ind1=" " ind2=" ">
    <subfield code="0">0</subfield>
    <subfield code="1">0</subfield>
    <subfield code="2">ddc</subfield>
    <subfield code="4">0</subfield>
    <subfield code="7">1</subfield>
    <subfield code="a">SSSL</subfield>
    <subfield code="b">SSSL</subfield>
    <subfield code="c">REF</subfield>
    <subfield code="d">2017-11-11</subfield>
    <subfield code="e">AHUJA BOOK PUBLISHER</subfield>
    <subfield code="g">1200.00</subfield>
    <subfield code="i">SGTU</subfield>
    <subfield code="o">GOS</subfield>
    <subfield code="p">AG709</subfield>
    <subfield code="r">2017-11-11 00:00:00</subfield>
    <subfield code="w">2017-10-28</subfield>
    <subfield code="y">BK</subfield>
    <subfield code="k">8931</subfield>
  </datafield>
  <datafield tag="952" ind1=" " ind2=" ">
    <subfield code="0">0</subfield>
    <subfield code="1">0</subfield>
    <subfield code="2">ddc</subfield>
    <subfield code="4">0</subfield>
    <subfield code="7">0</subfield>
    <subfield code="a">SSSL</subfield>
    <subfield code="b">SSSL</subfield>
    <subfield code="c">TXT</subfield>
    <subfield code="d">2017-11-11</subfield>
    <subfield code="e">AHUJA BOOK PUBLISHER</subfield>
    <subfield code="g">1200.00</subfield>
    <subfield code="i">SGTU</subfield>
    <subfield code="l">6</subfield>
    <subfield code="o">GOS</subfield>
    <subfield code="p">AG710</subfield>
    <subfield code="r">2019-09-09 00:00:00</subfield>
    <subfield code="s">2019-08-26</subfield>
    <subfield code="w">2017-10-28</subfield>
    <subfield code="y">BK</subfield>
    <subfield code="k">8931</subfield>
  </datafield>
  <datafield tag="952" ind1=" " ind2=" ">
    <subfield code="0">0</subfield>
    <subfield code="1">0</subfield>
    <subfield code="2">ddc</subfield>
    <subfield code="4">0</subfield>
    <subfield code="7">0</subfield>
    <subfield code="a">SSSL</subfield>
    <subfield code="b">SSSL</subfield>
    <subfield code="c">TXT</subfield>
    <subfield code="d">2017-11-11</subfield>
    <subfield code="e">AHUJA BOOK PUBLISHER</subfield>
    <subfield code="g">1200.00</subfield>
    <subfield code="i">SGTU</subfield>
    <subfield code="l">4</subfield>
    <subfield code="o">GOS</subfield>
    <subfield code="p">AG711</subfield>
    <subfield code="r">2025-03-20 00:00:00</subfield>
    <subfield code="s">2025-03-06</subfield>
    <subfield code="w">2017-10-28</subfield>
    <subfield code="y">BK</subfield>
    <subfield code="k">8931</subfield>
  </datafield>
  <datafield tag="952" ind1=" " ind2=" ">
    <subfield code="0">0</subfield>
    <subfield code="1">0</subfield>
    <subfield code="2">ddc</subfield>
    <subfield code="4">0</subfield>
    <subfield code="7">0</subfield>
    <subfield code="a">SSSL</subfield>
    <subfield code="b">SSSL</subfield>
    <subfield code="c">TXT</subfield>
    <subfield code="d">2017-11-11</subfield>
    <subfield code="e">AHUJA BOOK PUBLISHER</subfield>
    <subfield code="g">1200.00</subfield>
    <subfield code="i">SGTU</subfield>
    <subfield code="l">4</subfield>
    <subfield code="o">GOS</subfield>
    <subfield code="p">AG712</subfield>
    <subfield code="r">2025-01-23 00:00:00</subfield>
    <subfield code="s">2024-12-30</subfield>
    <subfield code="w">2017-10-28</subfield>
    <subfield code="y">BK</subfield>
    <subfield code="k">8931</subfield>
  </datafield>
  <datafield tag="999" ind1=" " ind2=" ">
    <subfield code="c">13813</subfield>
    <subfield code="d">13813</subfield>
  </datafield>
</record>
